Diabolik Lovers Character Quiz - Statistics

General Stats
  • This quiz has been taken 524 times
  • The average score is 13 of 15
Answer Stats
Hint Answer % Correct
Laziest, and the oldest Sakamaki. Shu
99%
Bitch-chan~ Laito
95%
Teddy, look... Kanato
93%
ORE-SAMA Ayato
92%
Tsun-tsun. Subaru
90%
Tomatoes and sugar cubes, sow. Yuma
90%
Basically a pidgeon. Reiji
89%
Reiji, but not as annoying. Ruki
87%
Next time, on LoveLive... Kou
85%
Useless awful heroine Yui
85%
Green haired twerp. Azusa
81%
Kind of a wh- Cordelia
70%
Uncle who? Richter
66%
White hair, don't care. Carla
64%
Furry? Shin
64%
No matching quizzes found
Score Distribution
Percent of People with Each Score
Percentile by Number Answered
Your Score History
You have not taken this quiz